000 00818nam a2200229 a 4500
001 000012624
005 20200929163040.0
008 091113s1989 cu 001 f spa d
040 _aDO-SdBNP
_bspa
_cBNPHU
082 _aE863.42
_bP227m
100 1 _aPareja Diez-Canseco, Alfredo
_d1908-1993.
_929375
245 1 3 _aEl muelle /
_cAlfredo Pareja Diez-Canseco ; editor, Reinaldo Castillo ; prólogo, Manuel Cofiño.
260 _aLa Habana :
_bCasa de las Américas,
_c1989.
300 _a169, [13] p. ;
_c19 cm.
490 1 _aLiteratura Latinoamericana
_v124
650 4 _aNovela ecuatoriana
_95017
650 4 _aLiteratura ecuatoriana
_ySIGLO XX
_914420
700 1 _aCastillo, Reinaldo,
_eed.
_93176
700 1 _aCofiño, Manuel,
_epról.
_929376
830 0 _aLiteratura Latinoamericana ;
_v124
_9500
049 _aBNGR
999 _c12278
_d12278